Statistics for Largest Cities in Texas

Click here to take the quiz!

General Stats

  • This quiz has been taken 237 times
  • The average score is 22 of 37

Answer Stats

PopulationCity% Correct
1,300,092Dallas
100%
2,296,224Houston
100%
931,820Austin
99%
1,469,845San Antonio
97%
681,124El Paso
95%
833,319Fort Worth
90%
324,074Corpus Christi
85%
198,645Amarillo
78%
388,125Arlington
77%
132,356Waco
76%
255,473Laredo
74%
249,042Lubbock
73%
283,558Plano
73%
183,887Brownsville
71%
118,968Odessa
62%
140,269McAllen
59%
132,950Midland
59%
236,607Irving
58%
121,721Abilene
56%
236,897Garland
56%
153,784Pasadena
52%
118,129Beaumont
51%
144,788Mesquite
51%
131,044Denton
49%
162,898McKinney
47%
103,700Tyler
47%
187,809Grand Prairie
46%
154,407Frisco
44%
104,710Wichita Falls
41%
107,889College Station
40%
140,806Killeen
40%
115,997Round Rock
40%
133,168Carrollton
34%
100,450San Angelo
34%
110,815Richardson
27%
104,039Lewisville
26%
108,821Pearland
25%

Score Distribution

Percentile by Number Answered

Percent of People with Each Score

Your Score History

You have not taken this quiz